Les paroles anglaises dans I Am de Ive - Statistiques

Statistiques générales
  • Ce quiz a été pris 5 fois
  • Le résultat moyen est 114 sur 145
Statistiques - réponses
Paroles % Correct
A
100%
Am
100%
Big
100%
Come
100%
Deja
100%
Dreams
100%
I
100%
I'm
100%
Is
100%
My
100%
On
100%
So
100%
Stage
100%
That
100%
True
100%
Vu
100%
Way
100%
Who
100%
At
67%
Away
67%
Be
67%
Fantasy
67%
Far
67%
Fire
67%
Galaxy
67%
God
67%
Hope
67%
I'll
67%
Life
67%
Look
67%
Me
67%
Now
67%
Oh
67%
That's
67%
View
67%
Writer
67%
Fly
33%
In
33%
One
33%
Sky
33%
Someone's
33%
Three
33%
Two
33%
Up
33%
High
0%
Mm
0%
You'd
0%
Aucun quiz correspondant
Distribution des résultats
% des personnes avec chaque résultat
Percentile par nombre de réponses
Votre historique - résultats
Vous n’avez pas pris ce quiz